000
00308nam a2200133Ia 4500
005
20260326100025.0
008
260326s9999||||xx |||||||||||||| ||und||
100
_a
Gaudi, Antoní
245
0
_a
Antoni Gaudí /
_c
Antoní Gaudi
260
_b
Bruguera
300
_a
151 p.
650
_a
ARQUITECTOS
942
_c
BK
999
_c
6335
_d
6335